[Event "3rd Mersin Open 2018"]
[Site "Mersin"]
[Date "2018.09.16"]
[Round "9.11"]
[White "Zuberoglu, Ibrahim Berk"]
[Black "Soltani, Benavandi Fardin"]
[Result "0-1"]
[WhiteElo "1633"]
[BlackElo "1644"]
[Annotator "NA RC"]
[PlyCount "68"]
[EventDate "2018.09.09"]
[EventType "swiss"]
[EventCountry "TUR"]
[SourceTitle "playchess.com"]
[Source "ChessBase"]
[SourceQuality "1"]
[TimeControl "5400+30"]

1. e4 {[%emt 0:00:30]} d6 {[%emt 0:01:30]} 2. d4 {[%emt 0:00:00]} Nf6 {[%emt 0:00:00]} 3. Nc3 {[%emt 0:00:00]} g6 {[%emt 0:00:00]} 4. f3 {[%emt 0:00:30]} Bg7 {[%emt 0:06:30]} 5. Be3 {[%emt 0:00:30]} c6 {[%emt 0:00:30]} 6. Qd2 {[%emt 0:03:30]} h5 {[%emt 0:01:30]} 7. Bd3 {[%emt 0:10:30]} Nbd7 {[%emt 0:00:30]} 8. Nh3 {[%emt 0:03:30]} a6 {[%emt 0:01:30]} 9. Ng5 {[%emt 0:06:30]} Qa5 {[%emt 0:06:30]} 10. a3 {[%emt 0:08:30]} b5 {[%emt 0:11:30]} 11. e5 {[%emt 0:07:30]} dxe5 {[%emt 0:02:30]} 12. Bxg6 {[%emt 0:03:30]} fxg6 {[%emt 0:10:30]} 13. Ne6 {[%emt 0:02:30]} Nd5 {[%emt 0:00:30]} 14. Qd3 {[%emt 0:08:30]} Nf8 {[%emt 0:06:30]} 15. Nxg7+ {[%emt 0:04:30]} Kf7 {[%emt 0:00:30]} 16. Bd2 {[%emt 0:00:30]} Qc7 {[%emt 0:09:30]} 17. Nxd5 {[%emt 0:03:30]} cxd5 {[%emt 0:00:30]} 18. dxe5 {[%emt 0:00:30]} e6 {[%emt 0:05:30]} 19. Nxe6 {[%emt 0:04:30]} Bxe6 {[%emt 0:00:30]} 20. O-O {[%emt 0:00:00]} Qc4 {[%emt 0:03:30]} 21. Qe3 {[%emt 0:01:00]} Nd7 {[%emt 0:00:30]} 22. Bb4 {[%emt 0:01:30]} h4 {[%emt 0:03:30]} 23. b3 {[%emt 0:03:30]} Qc7 {[%emt 0:01:30]} 24. Qf4+ {[%emt 0:01:30]} Kg7 {[%emt 0:01:30]} 25. Be7 {[%emt 0:00:30]} Qxe5 {[%emt 0:01:30]} 26. Qxe5+ {[%emt 0:00:30]} Nxe5 {[%emt 0:00:30]} 27. Rae1 {[%emt 0:02:30]} Rae8 {[%emt 0:02:30]} 28. Bxh4 {[%emt 0:04:49]} Nxf3+ {[%emt 0:03:18]} 29. Rxf3 {[%emt 0:00:11]} Rxh4 {[%emt 0:00:00]} 30. Rfe3 {[%emt 0:00:22]} Kf7 {[%emt 0:01:17]} 31. h3 {[%emt 0:07:50]} Rf4 {[%emt 0:02:34]} 32. g3 {[%emt 0:02:41]} Rf6 {[%emt 0:00:15]} 33. Rc3 {[%emt 0:02:53]} Bxh3 {[%emt 0:01:06]} 34. Rc7+ {[%emt 0:00:12]} Kf8 {[%emt 0:00:35]} 0-1

[Event "3rd Mersin Open 2018"]
[Site "Mersin"]
[Date "2018.09.16"]
[Round "9.13"]
[White "Yerzhan, Zhangir"]
[Black "Kaya, Onur"]
[Result "1-0"]
[WhiteElo "1748"]
[BlackElo "1689"]
[Annotator "NA"]
[PlyCount "133"]
[EventDate "2018.09.09"]
[EventType "swiss"]
[EventCountry "TUR"]
[SourceTitle "playchess.com"]
[Source "ChessBase"]
[SourceQuality "1"]
[TimeControl "5400+30"]

1. d4 {[%emt 0:00:30]} Nf6 {[%emt 0:02:30]} 2. Nf3 {[%emt 0:00:00]} e6 {[%emt 0:00:30]} 3. g3 {[%emt 0:00:00]} b6 {[%emt 0:04:30]} 4. Bg2 {[%emt 0:00:30]} Bb7 {[%emt 0:01:30]} 5. O-O {[%emt 0:00:30]} d6 {[%emt 0:02:30]} 6. c4 {[%emt 0:01:30]} Nbd7 {[%emt 0:00:30]} 7. Nc3 {[%emt 0:02:30]} Be7 {[%emt 0:00:30]} 8. b3 {[%emt 0:02:30]} O-O {[%emt 0:00:30]} 9. Bb2 {[%emt 0:01:30]} Re8 {[%emt 0:08:30]} 10. Qc2 {[%emt 0:04:30]} a6 {[%emt 0:05:30]} 11. e4 {[%emt 0:03:30]} e5 {[%emt 0:02:30]} 12. dxe5 {[%emt 0:02:30]} dxe5 {[%emt 0:00:30]} 13. Rad1 {[%emt 0:05:30]} Bd6 {[%emt 0:01:30]} 14. Nd5 {[%emt 0:09:30]} Nxd5 {[%emt 0:23:30]} 15. cxd5 {[%emt 0:01:30]} a5 {[%emt 0:17:30]} 16. Nd2 {[%emt 0:09:30]} Ba6 {[%emt 0:00:30]} 17. Nc4 {[%emt 0:06:30]} Bxc4 {[%emt 0:02:30]} 18. Qxc4 {[%emt 0:02:30]} Qe7 {[%emt 0:05:52]} 19. f4 {[%emt 0:04:30]} a4 {[%emt 0:05:56]} 20. Rde1 {[%emt 0:11:30]} axb3 {[%emt 0:00:54]} 21. Qxb3 {[%emt 0:05:30]} Nc5 {[%emt 0:03:34]} 22. Qf3 {[%emt 0:00:30]} f6 {[%emt 0:03:15]} 23. a3 {[%emt 0:03:30]} Nb7 {[%emt 0:01:51]} 24. Ra1 {[%emt 0:01:37]} Ra4 {[%emt 0:01:16]} 25. Rfe1 {[%emt 0:05:14]} Rea8 {[%emt 0:01:09]} 26. fxe5 {[%emt 0:00:58]} Bxe5 {[%emt 0:01:43]} 27. Bxe5 {[%emt 0:00:30]} Qxe5 {[%emt 0:00:00]} 28. Qg4 {[%emt 0:06:51]} Nc5 {[%emt 0:00:25]} 29. Ra2 {[%emt 0:01:03]} Rxa3 {[%emt 0:01:26]} 30. Rxa3 {[%emt 0:00:48]} Rxa3 {[%emt 0:00:30]} 31. Qc8+ {[%emt 0:00:30]} Kf7 {[%emt 0:00:00]} 32. Bh3 {[%emt 0:00:00]} Ra5 {[%emt 0:01:58]} 33. Be6+ {[%emt 0:00:43]} Nxe6 {[%emt 0:00:52]} 34. dxe6+ {[%emt 0:00:04]} Qxe6 {[%emt 0:00:23]} 35. Qxc7+ {[%emt 0:00:30]} Kg6 {[%emt 0:00:00]} 36. Qf4 {[%emt 0:01:00]} Re5 {[%emt 0:00:42]} 37. Kh1 {[%emt 0:01:21]} Ra5 {[%emt 0:00:19]} 38. g4 {[%emt 0:00:43]} Rg5 {[%emt 0:00:26]} 39. Rg1 {[%emt 0:00:33]} Qe5 {[%emt 0:00:26]} 40. Qf3 {[%emt 0:00:22]} Qe6 {[%emt 0:00:30]} 41. h4 {[%emt 0:00:58]} Re5 {[%emt 0:00:03]} 42. h5+ {[%emt 0:02:05]} Kf7 {[%emt 0:00:03]} 43. Ra1 {[%emt 0:01:28]} Qc4 {[%emt 0:01:46]} 44. Re1 {[%emt 0:01:12]} b5 {[%emt 0:00:07]} 45. Qe3 {[%emt 0:00:37]} b4 {[%emt 0:00:34]} 46. g5 {[%emt 0:00:27]} Rxg5 {[%emt 0:00:39]} 47. Qa7+ {[%emt 0:00:08]} Ke6 {[%emt 0:00:37]} 48. Qb6+ {[%emt 0:00:01]} Ke7 {[%emt 0:00:25]} 49. Qa7+ {[%emt 0:00:06]} Ke6 {[%emt 0:00:01]} 50. Qb6+ {[%emt 0:00:06]} Ke7 {[%emt 0:00:53]} 51. Qa7+ {[%emt 0:00:01]} Ke8 {[%emt 0:00:32]} 52. Qb8+ {[%emt 0:00:40]} Kf7 {[%emt 0:00:20]} 53. Qa7+ {[%emt 0:00:22]} Ke8 {[%emt 0:00:09]} 54. Qb8+ {[%emt 0:00:06]} Kf7 {[%emt 0:00:00]} 55. Qa7+ {[%emt 0:00:05]} Ke6 {[%emt 0:00:24]} 56. Qb6+ {[%emt 0:00:09]} Ke5 {[%emt 0:00:31]} 57. Qb8+ {[%emt 0:00:59]} Kd4 {[%emt 0:00:54]} 58. Qd6+ {[%emt 0:01:25]} Kc3 {[%emt 0:00:23]} 59. Rc1+ {[%emt 0:00:25]} Kb3 {[%emt 0:00:00]} 60. Qd1+ {[%emt 0:00:33]} Ka3 {[%emt 0:00:57]} 61. Rxc4 {[%emt 0:00:05]} g6 {[%emt 0:00:00]} 62. Qc1+ {[%emt 0:02:48]} Kb3 {[%emt 0:00:05]} 63. Qxg5 {[%emt 0:02:15]} fxg5 {[%emt 0:00:39]} 64. Rc8 {[%emt 0:00:01]} Ka2 {[%emt 0:00:15]} 65. e5 {[%emt 0:00:04]} b3 {[%emt 0:00:01]} 66. e6 {[%emt 0:00:05]} b2 {[%emt 0:00:01]} 67. Rb8 {[%emt 0:00:05]} 1-0

[Event "3rd Mersin Open 2018"]
[Site "Mersin"]
[Date "2018.09.16"]
[Round "9.14"]
[White "Kulakli, Ahmet"]
[Black "Menken, Ekin"]
[Result "1/2-1/2"]
[WhiteElo "1640"]
[BlackElo "1706"]
[Annotator "NA"]
[PlyCount "39"]
[EventDate "2018.09.09"]
[EventType "swiss"]
[EventCountry "TUR"]
[SourceTitle "playchess.com"]
[Source "ChessBase"]
[SourceQuality "1"]
[TimeControl "5400+30"]

1. d4 {[%emt 0:00:30]} Nf6 {[%emt 0:01:30]} 2. Nf3 {[%emt 0:00:00]} g6 {[%emt 0:00:00]} 3. g3 {[%emt 0:02:00]} Bg7 {[%emt 0:00:00]} 4. Bg2 {[%emt 0:01:30]} O-O {[%emt 0:00:30]} 5. O-O {[%emt 0:00:30]} d5 {[%emt 0:00:30]} 6. Nbd2 {[%emt 0:03:30]} c5 {[%emt 0:02:30]} 7. c3 {[%emt 0:07:30]} cxd4 {[%emt 0:03:30]} 8. cxd4 {[%emt 0:00:00]} Nc6 {[%emt 0:00:30]} 9. Re1 {[%emt 0:03:00]} Qb6 {[%emt 0:08:30]} 10. Nb3 {[%emt 0:06:30]} Ne4 {[%emt 0:10:30]} 11. e3 {[%emt 0:01:30]} e6 {[%emt 0:02:30]} 12. Nbd2 {[%emt 0:09:30]} Nd6 {[%emt 0:03:30]} 13. b3 {[%emt 0:01:30]} Bd7 {[%emt 0:13:30]} 14. Ba3 {[%emt 0:02:30]} Nb4 {[%emt 0:03:30]} 15. Ne5 {[%emt 0:00:30]} Rfd8 {[%emt 0:01:30]} 16. Bxb4 {[%emt 0:04:30]} Qxb4 {[%emt 0:00:00]} 17. Nxd7 {[%emt 0:03:30]} Rxd7 {[%emt 0:00:00]} 18. Rc1 {[%emt 0:00:00]} Rdd8 {[%emt 0:03:30]} 19. Nb1 {[%emt 0:03:00]} Rac8 {[%emt 0:02:30]} 20. Qd2 {[%emt 0:00:30]} 1/2-1/2